| 000 | 01359nam a2200289 a 4500 | ||
|---|---|---|---|
| 001 | 000015879 | ||
| 003 | DO-SdBNP | ||
| 005 | 20211202121458.0 | ||
| 008 | 100222s2001 dr 000 0 spa d | ||
| 020 | _a9993483214 | ||
| 040 |
_aDO-SdBNP _bspa _cBNPHU |
||
| 082 | 4 |
_a342.729302 _bR426co, 2001 _222 |
|
| 110 | 1 |
_aRepública Dominicana. _9447 |
|
| 240 | 1 | 0 | _aConstitución |
| 245 | 1 | 0 | _aConstitución joven. |
| 260 |
_aSanto Domingo : _bMediabyte, _c2001. |
||
| 300 |
_a77 p. ; _c21 cm. |
||
| 490 | 1 | _aCiudadanía y políticas públicas | |
| 505 | 0 |
_tLa Constitución joven: experiencia democrática y resultados -- _tConstitución joven, Constitución proclamada el 2 de diciembre del 2000 -- _tElecciones constituyentes: resultados y datos -- _tConformación de comisiones y constituyentes activos hasta el final -- _tConsulta a los estudiantes: resultados y datos -- _tFormulario de consulta: resultados y datos -- _gComité de asesores. |
|
| 590 | _aInventariado, 2018/YL | ||
| 651 | 4 |
_aRepública Dominicana _xConstitución (2000) _935752 |
|
| 651 | 4 |
_aRepública Dominicana _zDerecho constitucional _9449 |
|
| 710 | 2 |
_a Universidad Católica Madre y Maestra. _bCentro Universitario de Estudios Políticos y Sociales _935753 |
|
| 830 | 0 |
_aCiudadanía y políticas públicas _919938 |
|
| 910 | _aValidado. Control de calidad EMS | ||
| 942 |
_2ddc _cLBS1 |
||
| 999 |
_c15421 _d15421 |
||